Marketing Strategy in Selected Company
Zameranie sa na marketingovú stratégiu lyžiarskeho strediska SKI Dubovica. Cieľom je analýza marketingovej stratégie strediska a vypracovanie návrhov na zlepšenie jeho súčasnej marketingovej stratégie.
Guardado en:
| Autor principal: | |
|---|---|
| Formato: | Capítulo de libro |
| Lenguaje: | inglés |
| Materias: | |
| Etiquetas: |
Sin Etiquetas, Sea el primero en etiquetar este registro!
|
MARC
| LEADER | 00000nla a2200000 4500 | ||
|---|---|---|---|
| 001 | 0240482 | ||
| 005 | 20240502073916.7 | ||
| 041 | 0 | |a eng | |
| 044 | |a SK | ||
| 245 | 1 | 0 | |a Marketing Strategy in Selected Company |c Martin Mucha |
| 520 | |a Zameranie sa na marketingovú stratégiu lyžiarskeho strediska SKI Dubovica. Cieľom je analýza marketingovej stratégie strediska a vypracovanie návrhov na zlepšenie jeho súčasnej marketingovej stratégie. | ||
| 610 | 2 | 0 | |a stratégia marketingová |
| 610 | 2 | 0 | |a marketing |
| 610 | 2 | 0 | |a podnik |
| 610 | 2 | 0 | |a cyklus podniku životný |
| 100 | 1 | |a Mucha, Martin | |